000 00153nam a22000857a 4500
082 _a823
100 _aSUSAN KENT
245 _aWALKING IN BEAUTY
942 _cBK
999 _c8337
_d8337